Shaping Regionality in Socio-Economic Systems: Late Hellenistic - Late Roman Ceramic Production, Circulation, and Consumption in Boeotia, Central Greece (c. 150 BC–AD 700)

محفوظ في:

المؤلف الرئيسي: Dean Peeters

التنسيق: كتاب

اللغة: Undetermined

الوصول للمادة أونلاين: Login to view Source

الوسوم: إضافة وسم

لا توجد وسوم, كن أول من يضع وسما على هذه التسجيلة!

رقم الطلب:

LEADER 00570nmm a2200133Ia 4500
008 240716s9999||||xx |||||||||||||||||und||
020 |a 9781803272191 
020 |a 9781803272207 
100 |a Dean Peeters 
245 1 0 |a Shaping Regionality in Socio-Economic Systems: Late Hellenistic - Late Roman Ceramic Production, Circulation, and Consumption in Boeotia, Central Greece (c. 150 BC–AD 700)  |c Dean Peeters 
264 |b Archaeopress Archaeology  |c 23-فبراير-23 
856 4 0 |u http://library.arce.org:8087/Archaeopress/Products/9781803272191 
942 |2 lcc  |c EBOOK 
999 |c 59035  |d 59035